01760nam a2200289 a 4500001001000000005001700010008004100027041000800068044000700076084002100083100004500104245008700149260003200236300002300268500037100291500009100662500030000753500008501053500001001138546002501148650005201173650005601225650003401281650004501315700006001360740005001420BRCA_307720190320204111.0270109s1824----fr-a---###---#000-0#fre-u afre afr a384b.D456c18241 aCervantes Saavedra, Miguel ded1547-161610aHistoire de L´Admirable Don Quichotte de la ManchecMiguel de Cervantes Saavedra. aParísbDelongchampsc1824 a10 v.bil.c14 cm. aContenido : v 1. Primera parte. Retrato de Cervantes por Choquet. Texto. -- v 2. Texto. -- v 3. Texto. -- v 4. Segunda parte. Texto. -- v 5. Texto. -- v 6. Texto. -- v 7. Texto. Primera parte de la continuación del Quijote por el traductor. Texto. -- v 8. Texto. Segunda parte de la continuación del Quijote por el traductor. Texto. -- v 9. Texto. -- v 10. Texto aEdición : Traduite de l´Espagnol de Michel de Ceevantes par Filleau de Saint-Martin aEdición de surtido, bien impresa en buen papel y tipo de letra claro. Va adornada con varias láminas de mediana calidad, dibujada por Choquet. Aparece en él un Cervantes muy joven, con el no tiene nada de europeo y sí mucho de africano. Piel; lomos adornados con dorados Lúdovik Osterc aEstado físico : El volumen tres de esta edición presenta el lomo desprendido aQM305 aTexto en : francés14aNovela españolayÉpoca clásica, 1500-170014aLiteratura españolayÉpoca clásica, 1500-170014aNovela españolaySiglo XVII14aDon Quijote (Personaje ficticio)eNovela1 aSaint-Martin, Francois Filleau ded1632-1695eTraductor0 aEl Ingenioso Hidalgo Don Quijote de la Mancha